Países con ganadores del Nobel de Física - Estadísticas

Estadísticas generales
  • Esta prueba ha sido intentada 30 veces
  • La puntuación promedio es 19 de 22
Estadísticas de respuestas
Hint Respuesta % Correcto
1 Bélgica
100%
91 Estados Unidos
100%
9 Japón
100%
24 Reino Unido
100%
2 China
96%
10 Rusia
96%
4 Suecia
96%
6 Suiza
96%
26 Alemania
92%
6 Canadá
92%
5 Italia
92%
1 Polonia
92%
17 Francia
88%
1 India
88%
1 Noruega
88%
9 Países Bajos
88%
4 Austria
83%
2 Hungría
83%
1 Irlanda
83%
3 Dinamarca
71%
2 Taiwán
42%
1 Pakistán
29%
No se encontraron pruebas coincidentes
Distribución de puntuación
Porcentaje de gente con cada puntuación
Porcentaje por número respondido
Historial de tus puntuaciones
No has intentado esta prueba.